Visualizzazione normale
Vista MARC
- Tarradellas, Josep,
di Personal Name
Records bibliografici associati: 1
001 - CONTROL NUMBER
- control field: 49428
003 - CONTROL NUMBER IDENTIFIER
- control field: IT-RoINE
005 - DATE AND TIME OF LATEST TRANSACTION
- control field: 20180522070831.0
008 - FIXED-LENGTH DATA ELEMENTS
- fixed length control field: 180522|| aca||aabn | a|a d
040 ## - CATALOGING SOURCE
- Original cataloging agency: IT-RoINE
- Transcribing agency: IT-RoINE
100 ## - HEADING--PERSONAL NAME
- Personal name: Tarradellas, Josep,
- Dates associated with a name: 1899-1988
- General subdivision: Exilio
670 ## - SOURCE DATA FOUND
- Source citation: Work cat.: (IT-RoINE)0: Santacana, Carles, 1961- 49427, Josep Tarradellas :, 2014-2015.